000 00623nam a2200253Ia 4500
005 20260306145443.0
008 008 260114s9999 xx 000 0 eng d
020 _a9780520390102
037 _aEbook
040 _aCRL
040 _beng
040 _cCRL
041 _2eng
041 _aeng
084 _qCRL
100 _aBeach, Caitlin Meehye
_91123764
245 0 _aSculpture at the ends of slavery
260 _bUniversity of California Press (UC Press)
260 _c2022
650 _aArts
856 _uhttps://www.degruyter.com/isbn/9780520390102
942 _cEBOOK
999 _c1688597
_d1688597